Think twice! : (Record no. 4872)
[ view plain ]
| 000 -LEADER | |
|---|---|
| fixed length control field | 00841cam a22002534a 4500 |
| 001 - CONTROL NUMBER | |
| control field | 13983917 |
| 005 - DATE AND TIME OF LATEST TRANSACTION | |
| control field | 20250317121920.0 |
| 008 - FIXED-LENGTH DATA ELEMENTS--GENERAL INFORMATION | |
| fixed length control field | 050526s2006 nju b 000 0 eng |
| 020 ## - INTERNATIONAL STANDARD BOOK NUMBER | |
| International Standard Book Number | 0130995282 |
| 020 ## - INTERNATIONAL STANDARD BOOK NUMBER | |
| International Standard Book Number | 9780130995285 |
| 050 00 - LIBRARY OF CONGRESS CALL NUMBER | |
| Classification number | HM586 |
| Item number | .T46 2006 |
| 082 00 - DEWEY DECIMAL CLASSIFICATION NUMBER | |
| Classification number | 301 |
| Edition information | 22 |
| 100 1# - MAIN ENTRY--PERSONAL NAME | |
| Personal name | Tepperman, Lorne. |
| 245 10 - TITLE STATEMENT | |
| Title | Think twice! : |
| Remainder of title | sociology looks at current social issues / |
| Statement of responsibility, etc. | Lorne Tepperman, Jenny Blain ; with the assistance of Jenny Hugh ... [et al.]. |
| 250 ## - EDITION STATEMENT | |
| Edition statement | 2nd ed. |
| 260 ## - PUBLICATION, DISTRIBUTION, ETC. | |
| Place of publication, distribution, etc. | Upper Saddle River, N.J. : |
| Name of publisher, distributor, etc. | Pearson/Prentice Hall, |
| Date of publication, distribution, etc. | c2006. |
| 300 ## - PHYSICAL DESCRIPTION | |
| Extent | xii, 322 p. ; |
| Dimensions | 24 cm. |
| 650 #0 - SUBJECT ADDED ENTRY--TOPICAL TERM | |
| Topical term or geographic name entry element | Sociology. |
| 650 #0 - SUBJECT ADDED ENTRY--TOPICAL TERM | |
| Topical term or geographic name entry element | Social problems. |
| 700 1# - ADDED ENTRY--PERSONAL NAME | |
| Personal name | Blain, Jenny. |
| 700 1# - ADDED ENTRY--PERSONAL NAME | |
| Personal name | Hugh, Jenny. |
| 856 41 - ELECTRONIC LOCATION AND ACCESS | |
| Materials specified | Table of contents |
| Uniform Resource Identifier | <a href="http://www.loc.gov/catdir/toc/ecip0513/2005014953.html">http://www.loc.gov/catdir/toc/ecip0513/2005014953.html</a> |
| 942 ## - ADDED ENTRY ELEMENTS (KOHA) | |
| Source of classification or shelving scheme | Library of Congress Classification |
| Koha item type | Books |
| Edition | 2nd Ed. |
| Suppress in OPAC | No |
| 999 ## - | |
| -- | 4872 |
| -- | 4872 |
| Withdrawn status | Lost status | Source of classification or shelving scheme | Damaged status | Not for loan | Collection | Home library | Current library | Shelving location | Date acquired | Total checkouts | Full call number | Barcode | Date last seen | Copy number | Price effective from | Koha item type |
|---|---|---|---|---|---|---|---|---|---|---|---|---|---|---|---|---|
| Library of Congress Classification | Non-fiction | Business Library (Miotso) | Business Library (Miotso) | General stacks | 03/17/2025 | HM586 .T46 2006 | BSSM00001401 | 03/17/2025 | 1 | 03/17/2025 | Books |